ANTI DUMPING MEASURES UNDER GATT/WTO (Record no. 25178)

MARC details
000 -LEADER
fixed length control field 00317nam a22001457a 4500
003 - CONTROL NUMBER IDENTIFIER
control field SGT
020 ## - INTERNATIONAL STANDARD BOOK NUMBER
International Standard Book Number 8170128161
082 ## - DEWEY DECIMAL CLASSIFICATION NUMBER
Classification number 382
Item number RAI
100 ## - MAIN ENTRY--PERSONAL NAME
Personal name RAI , SHEELA
245 ## - TITLE STATEMENT
Title ANTI DUMPING MEASURES UNDER GATT/WTO
250 ## - EDITION STATEMENT
Edition statement 1
260 ## - PUBLICATION, DISTRIBUTION, ETC. (IMPRINT)
Place of publication, distribution, etc LUCKNOW
Name of publisher, distributor, etc EASTERN BOOK HOUSE
Year of Publication 2004
300 ## - PAGE DESCRIPTION
No. of Pages 494
942 ## - ADDED ENTRY ELEMENTS (KOHA)
Source of classification or shelving scheme Dewey Decimal Classification
Koha item type Books
Holdings
Withdrawn status Lost status Source of classification or shelving scheme Damaged status Not for loan Collection code Home library Current library Shelving location Date acquired Cost, normal purchase price SGTU Total Checkouts Full call number Accession No. (Barcode) Date last seen Bill Date Koha item type
    Dewey Decimal Classification     LAW SGT Science & Social Sciences Library SGT Science & Social Sciences Library Text Book 03/10/2023 695.00 SGTU   382 RAI FL3149 03/10/2023 03/10/2023 Books